Responses for Show #3867 - Tuesday, May 29, 2001

Contestants

[<< previous game]

Daniel Melcher, a forensic engineer from West Palm Beach, Florida

Bob Waterfall, an environmental engineer from Troy, New York

Jean Lucasey, a judicial clerk from Hartsdale, New York (whose 1-day cash winnings total $15,199)

[next game >>]

Jeopardy! Round responses

NO OIL PAINTING
DESCRIBING THE SPORT
CHINESE INVENTIONS
PRESIDENTIAL PETS
CITIES BY HOTEL
ISN'T IT "GRAND"?
    $100 1
Nose

Daniel
    $100 2
Golf

Jean
    $100 21
Kites

Jean
    $100 26
Millie

Bob
    $100 14
New York City

Bob
    $100 9
Grand jury

Bob
    $200 3
John Merrick ("The Elephant Man")

Bob
    $200 4
Football

Jean
    $200 22
Compass

Bob
    $200 27
Amy Carter

Jean
    $200 15
Las Vegas

Bob
    $200 10
Grand Central Station

Jean
    $300 5
"The Spiderman"

Bob
    $300 6
Baseball

Daniel
    $300 23
(Daniel: I was thinking of china.)

porcelain

JeanDaniel
    $300 28
Macaroni

Jean
    $300 16
(Bob: What is San Francisco?)

Los Angeles

JeanBob
    $300 11
The grand old flag

Jean
    $400 19
James I

Bob
    $400 7
Ice hockey

Daniel
    $800 24
(Alex: Less than a minute to go now.)

silk

Jean
    $400 29
Lewis & Clark

Bob
    $400 17
San Francisco

Triple Stumper
    $400 12
Grandmaster in chess

Daniel
    $500 20
Oliver Cromwell

Triple Stumper
    $500 8
Auto racing (NASCAR)

Daniel
    $500 25
(Daniel: What were springs?)

water

Daniel
Triple Stumper
    $500 30
Fala

Bob
    $500 18
Boston

Daniel
    $500 13
Grand slam

Bob

Scores at the first commercial break (after clue 15):

Jean Bob Daniel
$800 $1,400 $1,700

Scores at the end of the Jeopardy! Round:

Jean Bob Daniel
$2,800 $2,700 $1,400

Double Jeopardy! Round responses

OIL PAINTING
"SPACE" MOVIES
WARRIORS
GONE FISHING
ISRAEL
HOMOPHONES
    $200 21
(Daniel: What are pallets?)

metal tubes

Daniel
Triple Stumper
    $200 1
Lost in Space

Bob
    $200 16
Amazons

Bob
    $200 6
Reel

Daniel
    $200 26
(Daniel: What is a phone card?)

cell phones

Daniel
Triple Stumper
    $200 11
Coy/koi

Bob
    $400 22
Canvas

Bob
    $400 2
Spaceballs

Bob
    $400 17
Samurai

Bob
    $400 7
Bottom-dwellers/feeders

Daniel
    $400 27
Tel Aviv

Triple Stumper
    $400 12
Pries/prize

Bob
    $2,200 23
Still Life

Bob
    $600 3
Space Jam (with Michael Jordan)

Jean
    $600 18
Jedi

Bob
    $600 8
angler

Bob
    $600 28
[The end-of-round signal sounds.]

the Mount of Olives

Triple Stumper
    $600 13
(Bob: What is orthodox?)

right/rite

JeanBob
    $800 24
(Alex: Less than a minute to go.)

the Medusa

Triple Stumper
    $800 4
Plan 9 from Outer Space

Jean
    $800 19
Charlemagne

Daniel
    $1,100 9
chum

Bob
    $800 14
(Daniel: What is invasion?)
(Bob: What are rays?)

rayed/raid

BobDaniel
Triple Stumper
    $1000 25
Jean-Dominique Ingres

Jean
    $1000 5
Killer Klowns from Outer Space

Bob
    $1000 20
Brahmans

Bob
    $1000 10
(Daniel: What is trawling?)
[Accepted without remark]

trolling

Daniel
    $1000 15
Wail/wale

Daniel

Scores at the end of the Double Jeopardy! Round:

Jean Bob Daniel
$5,800 $10,000 $3,600

[wagering suggestions for these scores]

Final Jeopardy! Round responses

POETS
DanielWho are Shelley and Keats
$3,598
JeanWho Robert Browning & Elizabeth Barrett Browning
$5,800
BobWho are P. Shelley & [Keats] Byron
$1,601
John Keats & Percy Shelley

Final scores:

Jean Bob Daniel
$0 $8,399 $7,198
3rd place: Casablanca Avio Desktop Video Editor New champion: $8,399 2nd place: Visit to San Diego Zoo/Wild Animal Park

Game dynamics:

Coryat scores:

Jean Bob Daniel
$5,400 $8,100 $3,600
14 R
(including 1 DD),
0 W
24 R
(including 2 DDs),
3 W
11 R,
5 W

Combined Coryat: $17,100

[game clues] [game scores] [suggest correction]

Game tape date: 2001-02-20
The J! Archive is created by fans, for fans. Scraping, republication, monetization, and malicious use prohibited; this site may use cookies and collect identifying information. See terms. The Jeopardy! game show and all elements thereof, including but not limited to copyright and trademark thereto, are the property of Jeopardy Productions, Inc. and are protected under law. This website is not affiliated with, sponsored by, or operated by Jeopardy Productions, Inc. Join the discussion at JBoard.tv.